LEADER 01456nam 2200361 n 450 001 996394811603316 005 20221108043716.0 035 $a(CKB)4940000000121249 035 $a(EEBO)2240875516 035 $a(UnM)99845229 035 $a(EXLCZ)994940000000121249 100 $a19910923d1575 uy | 101 0 $aeng 135 $aurbn||||a|bb| 200 15$a[The CL Psalmes of Dauid in English metre$b[electronic resource] $eWith the forme of prayers, and ministration of the sacraments &c. vsed in the churche of Scotland] 210 $a[Edinburgh $cThomas Bassandine$d1575] 215 $a193 [i.e. 197], [1]+ p 300 $aTitle and imprint from STC. 300 $aIn two parts. Part 2, a translation of: Calvin, John. Cate?chisme de l'E?glise de Gene?ve, has a separate title page which reads "The catechisme or maner to teache children the christian religion", and separate register. 300 $aPart 2 formerly STC 4384. 300 $aPart 2 identified as STC 4384 on UMI microfilm reel 185, which does not include part 1. 300 $aImperfect; part 2 only. 300 $aReproduction of the original in the Bodleian Library. 330 $aeebo-0014 701 $aCalvin$b Jean$f1509-1564.$0154241 801 0$bCu-RivES 801 1$bCu-RivES 801 2$bCStRLIN 801 2$bWaOLN 906 $aBOOK 912 $a996394811603316 996 $aThe CL psalmes of Dauid in English metre$92329035 997 $aUNISA LEADER 01468nam2 22003011i 450 001 UON00416268 005 20231205104801.982 100 $a20130115d1984 |0itac50 ba 101 $ager$aGOT 102 $aDE 105 $a|||| 1|||| 200 1 $aGoethes und die Romantik$eBriefe mit Erläuterungen. 2. / herausgegeben von Carl Schüddekopf und Oskar Walzel 210 $aWeimar$cVerlag der Goethe-Gesellschaft$d1984 215 $aXLVIII, 399 p.$d20 cm. Reprint der Originalausgabe 1898 in 2 Bänden. 461 1$1001UON00416267$12001 $aSchriften der Goethe-Gesellschaft$fim Auftrage des Vorstandes hrsg. von Andreas B. Wachsmuth$1210 $aWeimar$cVerlag der Goethe-Gesellschaft$d1898$1215 $av.-$d20 cm.$v14 606 $aLetteratura tedesca$xSec. 19.$3UONC055624$2FI 620 $aDE$dWeimar$3UONL000698 676 $a830.6$cLetteratura tedesca. Periodo classico, 1750-1830$v21 700 1$aGOETHE$bJohann Wolfgang : von$3UONV020096$0151776 702 1$aSCHÜDDEKOPF$bCarl$3UONV212640 702 1$aWALZEL$bOskar$3UONV117588 712 $aVerlag der Goethe-Gesellschaft$3UONV279890$4650 801 $aIT$bSOL$c20251003$gRICA 899 $aSIBA - SISTEMA BIBLIOTECARIO DI ATENEO$2UONSI 912 $aUON00416268 950 $aSIBA - SISTEMA BIBLIOTECARIO DI ATENEO$dSI TED 22 I GOE 18 b $eSI LO 31154 5 18 b $sBuono 996 $aGoethes und die Romantik$91185181 997 $aUNIOR